Normal view
MARC view
- Cohen, Irvin Sol
Entry Personal Name
001 - CONTROL NUMBER
- control field: 25027
003 - CONTROL NUMBER IDENTIFIER
- control field: IN-BhIIT
005 - DATE AND TIME OF LATEST TRANSACTION
- control field: 20241213145047.0
008 - FIXED-LENGTH DATA ELEMENTS
- fixed length control field: 241213|| aca||aabn | a|a d
040 ## - CATALOGING SOURCE
- Original cataloging agency: IN-BhIIT
- Transcribing agency: IN-BhIIT
100 ## - HEADING--PERSONAL NAME
- Personal name: Cohen, Irvin Sol
670 ## - SOURCE DATA FOUND
- Source citation: Work cat.: (IN-BhIIT)14556: Zariski, Oscar, Author. 25025, Commutative algebra /, 2022.